000 00636nam a2200181 i 4500
001 50986
003 ES-MaACL
005 20230906162255.0
007 t|
008 030807s1957 sp ||||1| spa d
100 1 _aChandrasekhar, S.
_937957
245 1 0 _aPueblos hambrientos y tierras despobladas /
_cS. Chandrasekhar ; prólogo de William Vogt ; traducción del inglés por José Miguel de Bueren.
260 _aMadrid :
_bAguilar,
_c1957 (
_fJusto López Galán)
300 _aXV, 286 p. :
_bil. ;
_c21 cm.
700 1 _aVogt, William.
_9115668
700 1 _aBueren, José Miguel de.
_932414
852 _aES-MaACL
_jC-11838
_bR.40023
999 _c50986
_d50986